| 000 | 00413nam a2200133 i 4500 | ||
|---|---|---|---|
| 001 | 190261 | ||
| 003 | ES-MaACL | ||
| 005 | 20230906223700.0 | ||
| 008 | 201002s1880 sp |||| | fre d | ||
| 245 | 0 | 0 |
_aGuide de l'etranger a St. Sebastien _b: plan de la ville, vue perspective. |
| 260 |
_aSaint Sebastien : _b[s.n.], _c1880. |
||
| 651 | 4 |
_aSan SebastiÔn- _xDescripción. _9144177 |
|
| 852 |
_aES-MaACL _jT-696-F-3 |
||
| 999 |
_c190261 _d190261 |
||